El manifiesto de Felipe Varela y la cuestión nacional. (Record no. 34647)
[ view plain ]
| 000 -CABECERA | |
|---|---|
| campo de control de longitud fija | 00838cam a22002532a 4500 |
| 001 - NÚMERO DE CONTROL | |
| campo de control | 014313 |
| 003 - IDENTIFICADOR DEL NÚMERO DE CONTROL | |
| campo de control | AR-FADEU |
| 005 - FECHA Y HORA DE LA ÚLTIMA TRANSACCIÓN | |
| campo de control | 20211215111917.0 |
| 008 - DATOS DE LONGITUD FIJA--INFORMACIÓN GENERAL | |
| campo de control de longitud fija | 311216n1964####xxu####################dd |
| 040 ## - FUENTE DE LA CATALOGACIÓN | |
| Centro/agencia transcriptor | Biblioteca Ernesto Sábato |
| 092 ## - SIGNATURA TOPOGRÁFICA | |
| Número de clasificación | 982.531 |
| Libristica | O77 |
| Sector | BDGR |
| 100 ## - Autor Personal | |
| Nombre de persona | Ortega Peña, Rodolfo |
| 245 ## - MENCIÓN DE TÍTULO | |
| Título | El manifiesto de Felipe Varela y la cuestión nacional. |
| Resto del título | Manifiesto del general Felipe Varela a los pueblos americanos sobre los acontecimientos políticos de la República Argentina en los años 1866 y 1867 |
| 260 ## - PUBLICACIÓN, DISTRIBUCIÓN, ETC. (PIE DE IMPRENTA) | |
| Lugar de publicación, distribución, etc. | Buenos Aires |
| 260 ## - PUBLICACIÓN, DISTRIBUCIÓN, ETC. (PIE DE IMPRENTA) | |
| Nombre del editor, distribuidor, etc. | Eudeba |
| 260 ## - PUBLICACIÓN, DISTRIBUCIÓN, ETC. (PIE DE IMPRENTA) | |
| Fecha de publicación, distribución, etc. | 1974 |
| 300 ## - DESCRIPCIÓN FÍSICA | |
| Paginas | 103 p. |
| 440 ## - MENCIÓN DE SERIE/PUNTO DE ACCESO ADICIONAL--TÍTULO | |
| Título | Bibl. de América. Libros del tiempo nuevo |
| 650 ## - Descriptores Tematicos | |
| Término de materia o nombre geográfico como elemento inicial | INDEPENDENCIA ARGENTINA |
| 650 ## - Descriptores Tematicos | |
| Término de materia o nombre geográfico como elemento inicial | CAUDILLOS |
| 650 ## - Descriptores Tematicos | |
| Término de materia o nombre geográfico como elemento inicial | VARELA, F. |
| 700 ## - Coautores y traductores | |
| Nombre de persona | Eduardo Luis Duhalde |
| 942 ## - ELEMENTOS DE PUNTO DE ACCESO ADICIONAL (KOHA) | |
| Tipo de ítem Koha | BDGR |
| Fuente del sistema de clasificación o colocación | Dewey Decimal Classification |
| Estado de retiro | Estado de pérdida | Fuente del sistema de clasificación o colocación | Estado dañado | No para préstamo | Localización permanente | Ubicación/localización actual | Fecha de adquisición | Número de inventario | Total de préstamos | Signatura topográfica completa | Código de barras | Fecha visto por última vez | Precio válido a partir de | Tipo de ítem Koha |
|---|---|---|---|---|---|---|---|---|---|---|---|---|---|---|
| Dewey Decimal Classification | Biblioteca Ernesto Sabato - FADECS - UNCOMA | Biblioteca Ernesto Sabato - FADECS - UNCOMA | 15/12/2021 | 25355 | 982.531 O77 | 25355 | 15/12/2021 | 15/12/2021 | BDGR |